000 00608nam a22002297a 4500
003 UA-OsUOA
001 94891
007 ta
008 20130219b un ||||| |||| 00| 0 ukr d
100 _aДаррелл Дж.
090 _a821.111
_bД20
942 _cBK
040 _aUA-OsUOA
_brus
_cUA-OsUOA
_dUA-OsUOA
245 _aМясной рулет
_bвстречи с животными
300 _a236 с.
955 _a3
041 _arus
080 _a821.111
260 _aМ.
_bМысль
_c1989
650 7 _a82 Література. Літературознавство
_2UDC
999 _c381105
_d381105